00175nam a2200073Ia 4500082000800000245001400008100003800022008004100060 aMAR 0aAmarilla  a MARTIN, Wille Pretoria, 1993 210817s9999 xx 000 0 und d